000 01075nam a2200289 a 4500
001 22915
003 BD-RjUL
005 20211209000853.0
008 140309s1963 ne 000 0 eng d
035 _a(BD-RjUL)22980
035 _a(CStRLIN)MIUGAFT8173-B
040 _aBD-RjUL
_cSAZTEC
_dCStRLIN
_dBD-RjUL
_beng
041 _aeng
082 0 4 _222
_a361.61
_bSOC 1963
245 0 0 _aSocial welfare policy, second collection :
_bcontributions to methodology /
_cby Katayun H. Cama ... [et al.] ; edited by J.A. Ponsioen.
260 _aThe Hague :
_bMouton,
_c1963.
300 _a178 p. ;
_c25 cm.
490 1 _aPublications of the Institute of Social Studies. Series maior ;
_vv. 9
504 _aIncludes bibliography.
650 0 _aSocial policy.
_970656
650 0 _aCommunity development.
_970657
700 1 _aPonsioen, J. A.
_q(Johannes Antonius),
_d1911-
_970659
700 1 0 _aCama, Katayun H.
_q(Katayun Hormusji),
_d1908-
_970660
830 0 _v9
_9152386
830 0 _aPublication (Institute of Social Studies (s'Gravenhage)). Ser. maior ;
_9152387
942 _2ddc
_cBK
999 _c22915
_d22915